| 000 | 00549cam a22002055i 4500 | ||
|---|---|---|---|
| 999 |
_c124865 _d124865 |
||
| 001 | 21051740 | ||
| 005 | 20211209094810.0 | ||
| 008 | 190702s2019 mau 000 0 eng | ||
| 020 | _a9780081027493 | ||
| 040 | _cPK-LaUMT | ||
| 082 |
_a615.6 _bFIN-M |
||
| 100 | 1 | _aFinlay, Warren | |
| 245 | 1 | 4 |
_aThe mechanics of inhaled pharmaceutical aerosols : _ban introduction / _cby Warren Finlay |
| 260 |
_aLondon : _bAcademic Press, _c2019 |
||
| 300 | _a290 p. | ||
| 650 | _aAerosols | ||
| 650 | _aAerosol theraphy | ||
| 650 | _aFluid | ||
| 942 | _cBK | ||